Wellington Senior Cricket Teams - Statistics

General Stats
  • This quiz has been taken 18 times
  • The average score is 8 of 12
Answer Stats
team % Correct
Naenae
80%
North City
80%
Wellington Collegians
80%
Petone-Eastbourne
73%
Upper Hutt
73%
Karori
67%
Hutt
60%
Johnsonville
60%
Taita
60%
Eastern Suburbs
47%
Onslow
40%
University
33%
No matching quizzes found
Score Distribution
Percent of People with Each Score
Percentile by Number Answered
Your Score History
You have not taken this quiz